Sistemas de costos operativos (Registro nro. 1960)

Detalles MARC
000 -LEADER
fixed length control field 00920 a2200217 4500
001 - CONTROL NUMBER
control field 29822
005 - DATE AND TIME OF LATEST TRANSACTION
control field 20260407155608.0
008 - FIXED-LENGTH DATA ELEMENTS--GENERAL INFORMATION
fixed length control field 260407a1971 arg spa d
003 - CONTROL NUMBER IDENTIFIER
control field AR-UNSa-BCEJYS
040 ## - CATALOGING SOURCE
Original cataloging agency AR-UNSa-BCEJYS
Language of cataloging spa
Transcribing agency AR-UNSa-BCEJYS
080 ## - UNIVERSAL DECIMAL CLASSIFICATION NUMBER
Universal Decimal Classification number 657.471.1
Common auxiliary subdivision Clases de costos. Costos de producción<br/>
100 1# - MAIN ENTRY--PERSONAL NAME
Personal name Anthony, Robert N.
245 10 - TITLE STATEMENT
Title Sistemas de costos operativos
264 #1 - PRODUCTION, PUBLICATION, DISTRIBUTION, MANUFACTURE, AND COPYRIGHT NOTICE
Place of production, publication, distribution, manufacture Buenos Aires :
Name of producer, publisher, distributor, manufacturer El Ateneo
Date of production, publication, distribution, manufacture, or copyright notice 1971
300 ## - PHYSICAL DESCRIPTION
Extent 168 p.
Dimensions 20 cm.
505 ## - FORMATTED CONTENTS NOTE
Formatted contents note 1. Conceptos basicos de contabilidad administrativa - 2. Elementos de la contabilidad de costos - 3. Sistemas de costos standard: el comportamiento de costos - 4. La utilización de la información de costos para el control - 5. Presupuestos - 6. La utilización de la información de costos en la desición
590 ## - LOCAL NOTE (RLIN)
Local note niveau_biblio:m niveau_hierar:0
700 1# - ADDED ENTRY--PERSONAL NAME
Personal name Thomas, Juan J.
700 1# - ADDED ENTRY--PERSONAL NAME
Personal name Hekimian, James S.
942 ## - ADDED ENTRY ELEMENTS (KOHA)
Koha item type
Existencias
Withdrawn status Lost status Damaged status Not for loan Home library Current library Shelving location Date acquired Total checkouts Full call number Barcode Date last seen Price effective from Koha item type
        Biblioteca Prof. Eusebio Cleto del Rey Biblioteca Prof. Eusebio Cleto del Rey   07/04/2026   657.471.1 A628 L23661 07/04/2026 07/04/2026 Libro
        Biblioteca Prof. Eusebio Cleto del Rey Biblioteca Prof. Eusebio Cleto del Rey   07/04/2026   657.471.1 A628 L26720 07/04/2026 07/04/2026 Libro
        Biblioteca Prof. Eusebio Cleto del Rey Biblioteca Prof. Eusebio Cleto del Rey   07/04/2026   657.471.1 A628 L23636 07/04/2026 07/04/2026 Libro